LEADER 01194nam a2200241 i 4500 001 000000225858 003 CaOOAMICUS 005 20201201122851.0 008 131219s1770 it u000 u lat u 013 $a204760 026 $aise- i-n- r,*. liLI (3) 1770 (R) 040 $aSeMil$bita 245 10$aTomus 9. Pars 1. 300 $aCLXXII, [4], 352 col. 500 $aSegn.: *-11*4 A-Y4 773 0 $aHieronymus $tSancti Eusebii Hieronymi ... Operum tomus primus pars prima [-undecimus pars tertia] post monachorum Ord. s. Bened. e Congreg. s. Mauri recensionem denuo ad mss. codices romanos, ambrosianos, veronenses ... castigatus ... studio ac labore Dominici Vallarsii ...$dVenetiis : Apud Guilelmum Zerletti, 1766-1772.$bEditio altera. Ab ipso veronensi editore posterioribus curis aucta, & recognita.$g9$w()12812 850 $aSeMil 852 $aSeMil$W1$xVenegono$y1$m2T V 43 FA$j176204$B176204$CSeMilBibl$Z2$F186739 $8I 852 $aSeMil$W1$xVenegono$y1$m2U IV 13 FA$j222806$B234182$CSeMilBibl$Z2$F234182 $8I 941 1 $a10 961 $aRecupero: Mantegazza 996 $6245$aTomus 9. Pars 1$9(OLS)http://semarc/title/323470 LEADER 01153nam a2200277 i 4500 001 000000108626 003 CaOOAMICUS 005 20100219000000.0 008 100219s1997 it u000 u ita u 013 $a81306 020 $a88-384-2889-1 040 $aSeMil$bita 100 1 $aPavese, Armando.$0(OLS)http://semarc/name/42013 245 10$aComunicazioni con l'aldilą /$cArmando Pavese. 260 $aCasale Monferrato (AL) :$bPiemme,$c1997. 300 $a360 p. ;$c21 cm. 500 $aIn appendice: Sintesi del Manuale di parapsicologia. - Con dedica autografa dell'autore al Card. Martini. - Fondo Card. C.M. Martini. 650 4$aParapsicologia.$0(OLS)http://semarc/subject/4544 650 4$aSpiritismo.$0(OLS)http://semarc/subject/410 850 $aSeMil 852 $aSeMil$W1$xVenegono$y1$m2X II 35$j64701$B64701$CSeMilBibl$Z2$F91046 $81 941 1 $a4 961 $aOmaggio: Martini Card. Carlo Maria 996 $6020$a88-384-2889-1$9(OLS)http://semarc/number/89628 996 $6245$aComunicazioni con l'aldilą$9(OLS)http://semarc/title/157562 996 $6260$aCasale Monferrato (AL) :$bPiemme$9(OLS)http://semarc/publisher/30052